Daňová bonus v praxi v roku 2024
Podmienky uplatňovania daňového bonusu na dieťa v kontexte daňového priznania podľa novely zákona č. 595/2003 Z. z. o dani z príjmov v z. n. p. na roky 2023 a 2024. V pripade, že oprávnenej osobe na využitie maximálnej sumy daňového bonusu nepostačuje základ dane z aktívnych príjmov, môže tento zákl...
Uložené v:
| Hlavný autor: | |
|---|---|
| Médium: | Kapitola |
| Jazyk: | Slovak |
| Predmet: | |
| Tagy: |
Žiadne tagy, Buďte prvý, kto otaguje tento záznam!
|
MARC
| LEADER | 00000naa a2200000 4500 | ||
|---|---|---|---|
| 001 | 0305377 | ||
| 005 | 20241129113933.5 | ||
| 041 | 0 | |a slo | |
| 044 | |a SK | ||
| 245 | 1 | 0 | |a Daňová bonus v praxi v roku 2024 |c Marcela Rabatinová |
| 520 | |a Podmienky uplatňovania daňového bonusu na dieťa v kontexte daňového priznania podľa novely zákona č. 595/2003 Z. z. o dani z príjmov v z. n. p. na roky 2023 a 2024. V pripade, že oprávnenej osobe na využitie maximálnej sumy daňového bonusu nepostačuje základ dane z aktívnych príjmov, môže tento základ navýšiť o základ dane druhej oprávnenej osoby žijúcej v spoločnej domácnosti. Špecifické postupy pre daňových nerezidentov a povinnosti spojené s preukazovaním potrebných údajov. | ||
| 610 | 2 | 0 | |a bonus daňový |
| 610 | 2 | 0 | |a úľavy daňové |
| 610 | 2 | 0 | |a deti |
| 610 | 2 | 0 | |a dane z príjmov |
| 610 | 2 | 0 | |a priznania daňové |
| 610 | 2 | 0 | |a základ dane |
| 610 | 2 | 0 | |a zákony |
| 610 | 2 | 0 | |a legislatíva |
| 100 | 1 | |a Rabatinová, Marcela, 1977- | |